000 00898nam a2200289Ia 4500
001 G5201
003 IT-RoPAU
008 130308s9999 xx 000 0 und d
040 _aIT-RoPAU
040 _cIT-RoPAU
041 _aITALIANO
100 _aSchneider Roland
100 _gCodice Aut. SPICS: 29110
245 _aDue vie parallele e differenti di adesione cinematografica a una dualità culturale
245 _bCinema Europeo del metissage (Il)
250 _a1a ed.
260 _aFIRENZE
260 _bIl Castoro
260 _c2000 [1° Ed.:2000 - Ed.Ling.Originale:2000]
300 _a"14 p. (prefazione: no ; testo: 14 [pagine: 89-102])"
500 _aDall'Esilio All'Immigrazione: registi Turchi in Germania. Musulmani e Francesi: registi Beur.
650 _aGENERI CINEMATOGRAFICI
650 _eCodice materia Spics: 6810
942 _cBK
957 _71
999 _c83653
_d83653
999 _g1